00000000nam 2200000zi 4500
0019.947119
003CaOODSP
00520250213131628
006m     o  d f      
007cr b||||||||||
008250120e198807##oncad   o    f000 0 eng d
040 |aCaOODSP|beng|erda|cCaOODSP
043 |an-cn---
0861 |aCo24-3/2-42-1988E-PDF
24500|aContrast of attitudes between Department of Communications employees and federal public servants.
264 1|a[Ottawa] : |bGovernment of Canada, Department of Communications, Program Evaluation Division, |cJuly, 1988.
300 |a1 online resource (74, 9 pages) : |billustrations, graphs.
336 |atext|btxt|2rdacontent
337 |acomputer|bc|2rdamedia
338 |aonline resource|bcr|2rdacarrier
4901 |aBackground Study = Étude préalable
4900 |aDOC program evaluation series
500 |aDigitized edition from print [produced by Innovation, Science and Economic Development Canada].
500 |aIncludes some text in French.
61010|aCanada. |bCommunications Canada. |bProgram Evaluation Division.
61016|aCanada. |bCommunications Canada. |bDivision de l'évaluation des programmes.
650 0|aCommunication in public administration|zCanada.
650 0|aCivil service|zCanada|xAttitudes.
650 6|aCommunication dans l'administration publique|zCanada.
650 6|aFonction publique|zCanada|xAttitudes.
7101 |aCanada. |bDepartment of Communications, |eissuing body.
7101 |aCanada. |bDepartment of Communications. |bProgram Evaluation Division, |eissuing body.
830#0|aBackground study (Canada. Department of Communications. Program Evaluation Division)|w(CaOODSP)9.875277
85640|qPDF|s4.93 MB|uhttps://publications.gc.ca/collections/collection_2025/isde-ised/co24/Co24-3-2-42-1988-eng.pdf